Responses for show #799 - Thursday, February 11, 1988

1988 Teen Tournament quarterfinal game 4.

Contestants

Chris Capozzola, a junior from Worcester, New York

Sarah Fanning, a senior from Ames, Iowa

Jason Albert, a senior from Lynchburg, Virginia

Jeopardy! Round responses

NATIONAL NICKNAMES
TV CRIMEFIGHTERS
SEALS
PARTS OF SPEECH
DENTISTRY
ROCK
    $100 1
Australia

Jason
    $100 7
Miami Vice

Jason
    $100 26
food for seals

Jason
    $100 6
verb

Sarah
    $100 21
(Alex: I was wondering when we would get to that category!)

orthodontia (orthodontics)

Sarah
    $100 8
Van Halen

Jason
    $200 2
Japan

Chris
    $200 11
Boston

Sarah
    $200 27
cows

Jason
    $200 14
purposely

Sarah
    $200 22
gums

Jason
    $200 9
Duran Duran

Jason
    $300 3
(Alex: We'll accept that; Israel is the country.)

Palestine

Jason
    $300 12
comic books

Triple Stumper
    $300 28
(Chris: What are gills?)
(Alex: They're seals, not fish.)

nostrils

Chris
Triple Stumper
    $300 16
pronouns

Jason
    $300 23
(Alex: That's why it doesn't hurt!)

the drill

Jason
    $300 10
Culture Club

Sarah
    $400 4
(Chris: What is Nepal?)

Tibet

JasonChris
    $400 13
Sharon Gless

Chris
    $400 29
elephant seals

Triple Stumper
    $600 19
(Jason: What is... [shakes head])

interjection

Jason
    $400 24
enamel

Jason
    $400 17
The Cars

Jason
    $500 5
Greece

Chris
    $500 15
Hill Street Blues

Chris
    $500 30
(Sarah: What is the shark?)
...
(Alex: [*] is the enemy to most of the species on this Earth.)

man

SarahChris
    $500 20
conjunctions

Jason
    $500 25
bridge

Triple Stumper
    $500 18
Minneapolis

Jason

Scores at the first commercial break (after clue 16):

Jason Sarah Chris
$1,500 $800 $1,200

Scores at the end of the Jeopardy! Round:

Jason Sarah Chris
$3,500 $400 $1,400

Double Jeopardy! Round responses

U.S. HISTORY
THE PULITZER PRIZE
OPERA
DOUBLE LETTERS
(Alex: All of the correct responses contain double letters.)
WITCHCRAFT
ROCKS
    $200 3
Lewis and Clark

Chris
    $200 18
The Roosevelts (Eleanor & Franklin)

Jason
    $200 26
Madame Butterfly

Chris
    $200 1
sneeze

Chris
    $200 11
the devil

Jason
    $200 16
flint

Jason
    $400 7
counterfeiting

Jason
    $400 21
Alex Haley

Jason
    $400 27
Mozart

Chris
    $400 2
letter

Jason
    $400 12
(Jason: What is a hex?)

evil eye

JasonChris
    $400 17
sedimentary

Chris
    $600 8
World War I

Jason
    $600 23
Carl Sagan

Sarah
    $600 28
A Midsummer Night's Dream

Chris
    $600 4
Moonraker

Chris
    $600 13
Halloween

Jason
    $600 19
cools

Jason
    $800 9
John Smith

Jason
    $800 24
Our Town

Sarah
    $1,500 29
(Alex: The "Grand March" from Aida.)

Egypt

Chris
    $800 5
bleep

Chris
    $500 14
(Alex: Or change men into swine.)

turn people into pigs

Jason
    $800 20
boulder

Sarah
    $1000 10
Peter Minuit

Chris
    $1000 25
poetry

Chris
    $1000 30
(Chris: Who was Vivaldi?)

Verdi

Chris
Triple Stumper
    $1000 6
ooze

Jason
    $1000 15
pentacle

Triple Stumper
    $1000 22
quartz

Jason

Scores at the end of the Double Jeopardy! Round:

Jason Sarah Chris
$10,000 $2,600 $7,700

Final Jeopardy! Round responses

QUOTES
(Alex: That's a rather broad subject, I know.)
SarahWhat is his 2nd inauguration
$2,600
ChrisWhat is the moon landing?
$2,302
JasonWhat is his visiting China?
$0
The Apollo 11 Moon landing in 1969

Final scores:

Jason Sarah Chris
$10,000 $0 $10,002
2nd place: $1,000 if not wild card semifinalist 3rd place: $1,000 if not wild card semifinalist Automatic semifinalist

Game dynamics:

Coryat scores:

Jason Sarah Chris
$10,900 $2,600 $7,000
28 R
(including 1 DD),
2 W
(including 1 DD)
8 R,
1 W
17 R
(including 1 DD),
3 W

Combined Coryat: $20,500

The J! Archive is created by fans, for fans. The Jeopardy! game show and all elements thereof, including but not limited to copyright and trademark thereto, are the property of Jeopardy Productions, Inc. and are protected under law. This website is not affiliated with, sponsored by, or operated by Jeopardy Productions, Inc. Join the discussion at JBoard.tv.